000 00572nam a22001937a 4500
005 20180323171730.0
010 _aENG-122389
020 _c595.00
_a9780674972254
035 _aEN-105921
037 _bDBAD/PUB
082 _a195
100 _aHardt, Michael
245 _aEmpire /
_cby Michael Hardt [and] Antonio Negri
260 _aLondon, England
_bHarvard University Press
_c2016
270 _bLondon, England
_e1933
_a1, Negri, Antonio
300 _a394p.
_c24cm.(pbk)
_bill. picture
700 _dNegri, Antonio
942 _2ddc
_cEN
_mHAR
_h195
999 _c150524
_d150524